Online Catalogue and eLibrary

The alternatives socialism or barbarism (Record no. 2779)

MARC details
000 -LEADER
fixed length control field 00466nam a2200181Ia 4500
005 - DATE AND TIME OF LATEST TRANSACTION
control field 20240528043432.0
008 - FIXED-LENGTH DATA ELEMENTS--GENERAL INFORMATION
fixed length control field 240331s9999 xx 000 0 und d
082 ## - DDC Classification
Item Number - Author Mark DES
Class No. 338.9
100 ## - MAIN ENTRY--PERSONAL NAME
Personal name De Silva, G.V.S
245 #4 - TITLE STATEMENT
Title The alternatives socialism or barbarism
250 ## - EDITION STATEMENT
Edition statement 1 st
260 ## - PUBLICATION, DISTRIBUTION, ETC.
Place of publication, distribution, etc. Sri Lanka
Name of publisher, distributor, etc. Social Scientists Association
Date of publication, distribution, etc. 1988
300 ## - PHYSICAL DESCRIPTION
Extent (e.g. Volumes, Pages etc.) 300 p .,
650 ## - SUBJECT ADDED ENTRY--TOPICAL TERM
Topical term or geographic name entry element Economy
650 ## - SUBJECT ADDED ENTRY--TOPICAL TERM
Topical term or geographic name entry element Social
700 ## - ADDED ENTRY--PERSONAL NAME
Personal name Abeysekera, Charles
Relator term (Role) Editor
942 ## - Koha item type (Biblio)
Koha item type Books in Stacks (Lending)
Holdings
Lost status Damaged status Collection code Home library Current library Shelving location Date acquired Full call number Accession Number Item type
    Lending WERC Library WERC Library Social Science Cupboard 03/31/2024 338.9 DES 70 Books in Stacks (Lending)

© WERC Library